000 00482nam a2200181Ia 4500
003 OSt
005 20200922135647.0
008 190216s9999||||xx |||||||||||||| ||und||
020 _a9788176492423
040 _coclc
082 _a580
_bLAC/P
100 _aLack, A J
_94810
245 0 _aPlant Biology /
_cA J Lack ; D E Evans
260 _bViva Books,
_aNew Delhi:
_c2001.
300 _a332p
650 _aBotany
942 _cBK
_2ddc
_h580
_iLAC/P
_k580
_mLAC/P
999 _c1670
_d1670